000 00675nam a2200229Ia 4500
003 OSt
005 20220925182403.0
006 a|||||r|||| 00| 0
007 ta
008 220923b |||||||| |||| 00| 0 eng d
037 _cGeneral Book
040 _aRTL
_cRTL
_beng
041 _2eng
_aeng
082 _aXM,518.4498.N6, K6
100 _aGoonertne Tilak E
_9256251
245 0 _aFifty years of co-operative development in Ceylon
260 _aColombo
_bLake House Investments
_c1966
300 _axvii,83p
_ccm.
650 _aCoopertaive Economics
942 _hXM,518.4498.N6, K6
_cGB
_2CC
999 _c502114
_d502114